[Event "Bethune op-B 24th"]
[Site "Bethune"]
[Date "2003.12.28"]
[Round "4"]
[White "De Cagny, Guillaume"]
[Black "Pruvost, Alain"]
[Result "1-0"]
[WhiteElo "1320"]
[BlackElo "1590"]
[PlyCount "83"]
[EventDate "2003.12.26"]
[EventType "swiss"]
[EventRounds "9"]
[EventCountry "FRA"]
[SourceTitle "EXT 2005"]
[Source "ChessBase"]
[SourceDate "2004.11.15"]
[SourceVersion "1"]
[SourceVersionDate "2004.11.15"]
[SourceQuality "1"]

1. e4 c5 2. Nf3 Qa5 3. Nc3 Nc6 4. d4 cxd4 5. Nxd4 e6 6. Ndb5 Bb4 7. Bd2 Nf6 8. a3 Bxc3 9. Bxc3 Qd8 10. Nd6+ Kf8 11. e5 Nd5 12. Qf3 Qe7 13. 0-0-0 Nxc3 14. Qxc3 Qg5+ 15. Qd2 Qxd2+ 16. Rxd2 Nxe5 17. Bb5 a6 18. Nxc8 axb5 19. Nd6 b4 20. f4 bxa3 21. bxa3 Nc6 22. Nxb7 Rxa3 23. Kb2 Ra8 24. Rxd7 Rb8 25. Ka3 g6 26. Rhd1 Ra8+ 27. Kb3 Na5+ 28. Nxa5 Rxa5 29. Rd8+ Kg7 30. Rxh8 Kxh8 31. c4 Rf5 32. g3 e5 33. fxe5 Rxe5 34. Rd2 Kg7 35. Kb4 f5 36. c5 g5 37. c6 f4 38. c7 f3 39. c8Q Re4+ 40. Kc3 Re1 41. Qd7+ Kf6 42. Rd6+ 1-0